000
00221nam a2200097Ia 4500
005
20251222175816.0
008
251222s9999||||xx |||||||||||||| ||spa||
082
_a
DVD0070/B34/2003
245
0
_a
Adiós a Lenin
942
_c
DVD
999
_c
40329
_d
40329